000 00641nam a22002177a 4500
003 UA-OsUOA
001 43087
007 ta
008 20061205b un ||||| |||| 00| 0 ukr d
100 _aГайдуцький А.П.
090 _a330
_bГ-11
942 _cSA
040 _aUA-OsUOA
_bukr
_cUA-OsUOA
_dUA-OsUOA
245 _aІнвестиційний потенціал міжнародного міграційного капіталу
300 _aС.117-128
955 _a0
041 _aukr
080 _a330
773 0 _w43085
_tФінанси України
_dК.
_d2006
_g9
650 7 _a330 Економіка взагалі
_2UDC
999 _c329218
_d329218